000 00712nam a2200241 i 4500
001 C2-0133753
003 PPAK
005 20180727123606.0
008 971202s my a|||| ||||| | may d
040 _aPPAK
_beng
_cPPAK
_erda
082 0 4 _a959.5
_223
090 0 0 _a959.5
_bMAL
_dKIH
090 0 0 _a959.5
_bMAL
_dKWI
090 0 0 _a959.5
_bMAL
_dR
245 0 0 _aMalaysia dari segi sejarah
264 1 _aKuala Lumpur :
_bPersatuan Sejarah Malaysia ,
_c[date of publication not identified]
300 _av, 195 pages :
_billustrations ;
_c25 cm
336 _2rdacontent
_atext
337 _2rdamedia
_aunmediated
338 _2rdacarrier
_avolume
650 1 0 _aMalaysia - History - Periodicals.
942 _ddc
_cB
999 _c42200
_d42200